[Event "Granada Region-ch"]
[Site "Granada"]
[Date "2013.??.??"]
[Round "4.7"]
[White "Borrego Martinez, Alberto"]
[Black "Ruiz Moreno, Jose Luis"]
[Result "1-0"]
[WhiteElo "1398"]
[BlackElo "1435"]
[PlyCount "57"]
[EventDate "2013.01.20"]
[EventType "swiss"]
[EventRounds "6"]
[EventCountry "ESP"]
[SourceTitle "EXT 2024"]
[Source "ChessBase"]
[SourceDate "2023.10.10"]
[SourceVersion "1"]
[SourceVersionDate "2023.10.10"]
[SourceQuality "1"]

1. e4 e5 2. Nf3 Nc6 3. d4 d6 4. Bb5 Bd7 5. d5 Nce7 6. Bxd7+ Qxd7 7. Nc3 Nf6 8. 0-0 Ng6 9. h3 Be7 10. Qd3 a6 11. Bd2 Nh5 12. Ne2 0-0 13. Rfe1 f5 14. c4 fxe4 15. Qxe4 Nhf4 16. Nxf4 Nxf4 17. Kh2 Qe8 18. b4 Qh5 19. Re3 Bg5 20. Rc3 Rf7 21. Rb1 Raf8 22. Rbb3 Rf6 23. Nxg5 Qxg5 24. g3 Nxd5 25. Qxd5+ Kh8 26. Bxg5 Rxf2+ 27. Qg2 Rxg2+ 28. Kxg2 Rf5 29. Rf3 1-0

[Event "Granada Region-ch"]
[Site "Granada"]
[Date "2013.??.??"]
[Round "3.8"]
[White "Ruiz Moreno, Jose Luis"]
[Black "Reyes Vargas, Jose Antonio"]
[Result "0-1"]
[WhiteElo "1435"]
[BlackElo "1344"]
[PlyCount "56"]
[EventDate "2013.01.20"]
[EventType "swiss"]
[EventRounds "6"]
[EventCountry "ESP"]
[SourceTitle "EXT 2024"]
[Source "ChessBase"]
[SourceDate "2023.10.10"]
[SourceVersion "1"]
[SourceVersionDate "2023.10.10"]
[SourceQuality "1"]

1. e4 e6 2. d4 d5 3. e5 c5 4. Nf3 Nc6 5. Be3 b6 6. Nc3 f6 7. Bb5 Bd7 8. Nh4 Qe7 9. Ba6 Nb4 10. Bb5 fxe5 11. Qh5+ Kd8 12. Bg5 Nf6 13. Bxf6 gxf6 14. Ng6 Qe8 15. Bxd7 Kxd7 16. Nxf8+ Qxf8 17. Qe2 exd4 18. Nb5 a6 19. Na3 Qd6 20. 0-0 h5 21. Qf3 Rh6 22. Nc4 Qc7 23. Na3 Rg8 24. Rfe1 Rhg6 25. g3 h4 26. Qh5 hxg3 27. hxg3 Rxg3+ 28. fxg3 Qxg3+ 0-1